| 000 | 00770nam a2200229 a 4500 | ||
|---|---|---|---|
| 005 | 20180803165343.0 | ||
| 008 | 160826b ck|||||rm||| 00| 0 spa d | ||
| 040 |
_aCO-BoIAVH _cCO-BoIAVH |
||
| 041 | _aspa | ||
| 044 | _ack | ||
| 090 |
_aTE _b0165 |
||
| 100 | 1 | _aRestrepo Salazar, Javier Alonso | |
| 245 | 1 | 0 | _aCaracterización Molecular de accesiones colombianas de zapallo Cucurbita moschata, utilizando marcadores moleculares AFLP |
| 260 |
_aPalmira _bUniversidad Nacionl de Colombia, Sede Palmira _c2005 |
||
| 300 | _a108 Paginas | ||
| 650 | 1 | 4 | _aRelaciones Genéticas |
| 650 | 1 | 4 | _aCaracterización Molecular |
| 650 | 1 | 4 | _aCaracterización Morfologica |
| 650 | 1 | 4 | _aConservación |
| 942 |
_cTESIS _2z |
||
| 945 | _d2008-05-01 | ||
| 999 |
_c6266 _d6266 |
||